000 00569nam a22002057a 4500
008 131031b xxu||||| |||| 00| 0 alb d
020 _a9789995634100
041 0 _aalb
080 _a33
_x(075.8)
100 1 _aBundo, Sherif
245 1 0 _aDrejtim portofoli :
_cSherif Bundo, bashkëpunoi Gerdi Lito.
250 _aBotimi 1
260 _aTiranë :
_balbPaper ;
_c2007.
300 _a303 f. :
_bme il. ;
_c23 cm.
500 _aParathënie : f. 5-6
505 _aBibliografi : f. 293-294
650 0 _aEkonomia
700 1 _aLito, Gerdi
942 _2udc
_cBK
999 _c224
_d224